Cagliari Calcio Squad 2020-2021 - Statistics

General Stats
  • This quiz has been taken 32 times
    12 since last reset
  • The average score is 19 of 37
Answer Stats
# Position Nation Player % Correct
28 GK Italy Alessio Cragno
100%
2 DF Uruguay Diego Godín
90%
6 MF Croatia Marko Rog
90%
18 MF Uruguay Nahitan Nández
90%
8 MF Romania Răzvan Marin
90%
10 MF Italy João Pedro
80%
15 DF Estonia Ragnar Klavan
80%
1 GK Italy Simone Aresti
80%
22 DF Greece Charalampos Lykogiannis
70%
20 MF Uruguay Gastón Pereiro
70%
26 FW Angola Zito Luvumbo
70%
37 FW Algeria Adam Ounas
60%
14 MF Italy Alessandro Deiola
60%
32 MF Ghana Alfred Duncan
60%
9 FW Argentina Giovanni Simeone
60%
30 FW Italy Leonardo Pavoletti
60%
23 DF Italy Luca Ceppitelli
60%
4 MF Belgium Radja Nainggolan
60%
40 DF Poland Sebastian Walukiewicz
60%
21 MF Uruguay Christian Oliva
50%
19 DF Italy Fabio Pisacane
50%
- Coach Italy Eusebio Di Francesco
40%
24 DF Italy Paolo Faragò
40%
27 FW Italy Alberto Cerri
30%
44 DF Italy Andrea Carboni
30%
25 DF Italy Gabriele Zappa
30%
31 GK Italy Guglielmo Vicario
30%
19 MF Ghana Kwadwo Asamoah
30%
- Coach Italy Leonardo Semplici
30%
93 MF Croatia Marko Pajač
30%
17 FW France Matteo Tramoni
30%
33 FW Italy Riccardo Sottil
30%
14 DF Italy Simone Pinna
30%
24 DF Italy Daniele Rugani
20%
3 DF Italy Alessandro Tripaldelli
10%
16 DF Italy Arturo Calabresi
10%
12 MF Italy Fabrizio Caligara
10%
No matching quizzes found
Score Distribution
Percent of People with Each Score
Percentile by Number Answered
Your Score History
You have not taken this quiz since the last reset